000 00735nam a2200205Ia 4500
003 GCL
008 140319s9999 xx 000 0 ara d
040 _aGCL /
_cGCL
082 0 4 _a813.01
_bى ك
100 1 _aيحيى الطاهر عبدالله
245 1 0 _aالكتابات الكاملة: يحيى الطاهر عبدالله (هدية من الاديب عبدالفتاح الجمل) /
_cيحيى الطاهر عبدالله
250 _aالثانية
260 _aالقاهرة :
_bدار المستقبل العربى ،
_c1994
300 _a498 ص ؛
_c24 سم
490 _a
650 0 4 _aالادب العربى
650 0 4 _aالقصص العربية
650 0 4 _aالقصص القصيرة
942 _2ddc
_cBK
999 _c41139
_d41139